ბათუმის შოთა რუსთაველის სახელმწიფო უნივერსიტეტის ბიბლიოთეკა

სასოფლო-სამეურნეო მელიორაცია. (ბიბ.ჩანაწერი № 44402)

000 -LEADER
fixed length control field 00845nam a2200229Ia 4500
001 - CONTROL NUMBER
control field 11167
003 - CONTROL NUMBER IDENTIFIER
control field GE_BSU
008 - FIXED-LENGTH DATA ELEMENTS--GENERAL INFORMATION
fixed length control field 181216s||||||||xx |||||||||||||| ||und||
040 ## - CATALOGING SOURCE
Transcribing agency GE_BSU
080 ## - UNIVERSAL DECIMAL CLASSIFICATION NUMBER
Universal Decimal Classification number 631.6(075.8)
100 ## - MAIN ENTRY--PERSONAL NAME
Personal name ჩხენკელი,ი.ა.
245 ## - TITLE STATEMENT
Title სასოფლო-სამეურნეო მელიორაცია.
245 ## - TITLE STATEMENT
Statement of responsibility, etc. რედ:ი.ლ.ჯაში
250 ## - EDITION STATEMENT
Edition statement მესამე გადამუშავებული გამოცემა.
260 ## - PUBLICATION, DISTRIBUTION, ETC.
Place of publication, distribution, etc. თბილისი.
260 ## - PUBLICATION, DISTRIBUTION, ETC.
Name of publisher, distributor, etc. სასოფლო-სამეურნეო ინ-ტის გამ-ბა.
260 ## - PUBLICATION, DISTRIBUTION, ETC.
Date of publication, distribution, etc. 1955.
300 ## - PHYSICAL DESCRIPTION
Extent 278გვ;23სმ.
300 ## - PHYSICAL DESCRIPTION
Accompanying material ილ;ცხრ.
653 ## - INDEX TERM--UNCONTROLLED
Uncontrolled term სასოფლო-სამეურნეო მელიორაცია.
942 ## - ADDED ENTRY ELEMENTS (KOHA)
Koha item type წიგნი
ეგზემპლარები
Withdrawn status Lost status Damaged status Not for loan Date acquired Barcode Date last seen Price effective from Koha item type
        2018-12-17 19195 2018-12-17 2018-12-17 წიგნი